Online
Catalog

La biblia de la computación e internet / (Record no. 37084)

MARC details
000 -CABECERA
campo de control de longitud fija 01193nam a2200253 a 4500
001 - NÚMERO DE CONTROL
campo de control 000037594
005 - FECHA Y HORA DE LA ÚLTIMA TRANSACCIÓN
campo de control 20251020130153.0
008 - DATOS DE LONGITUD FIJA--INFORMACIÓN GENERAL
campo de control de longitud fija 090422s2011 sp ad 000 0 spa d
020 ## - NÚMERO INTERNACIONAL ESTÁNDAR DEL LIBRO
Número Internacional Estándar del Libro 9789962040361
040 ## - FUENTE DE LA CATALOGACIÓN
Centro catalogador/agencia de origen DO-SdBNP
Lengua de catalogación spa
Centro/agencia transcriptor BNPHU
082 ## - NÚMERO DE LA CLASIFICACIÓN DECIMAL DEWEY
Número de clasificación 005.43769
Número de documento/Ítem B582c
245 03 - MENCIÓN DE TÍTULO
Título La biblia de la computación e internet /
Mención de responsabilidad, etc. dirección editorial Margarita Pérez ; ilustración Fernando Salas.
260 ## - PUBLICACIÓN, DISTRIBUCIÓN, ETC.
Lugar de publicación, distribución, etc. Barcelona :
Nombre del editor, distribuidor, etc. Lexus,
Fecha de publicación, distribución, etc. 2011
Fabricante Grafos
300 ## - DESCRIPCIÓN FÍSICA
Extensión XXII, 1016 p. : ;
Dimensiones 27 cm. +
Material acompañante/anejo 1 CD-ROM
500 ## - NOTA GENERAL
Nota general Título del CD-ROM: "Internet en 10 pasos."
500 ## - NOTA GENERAL
Nota general Texto en dos columnas
505 2# - NOTA DE CONTENIDO CON FORMATO
Título Conocimientos básicos --
-- Windows 7--
-- Microsoft Internet Explorer --
-- Microsoft Word 2010 ---
-- Procesador de textos: Word XP --
-- Hoja de cálculo: Excel 2010--
-- Base de datos: Access 2010 --
-- Programa de presentaciones: Power Point --
-- Agenda de trabajo: Outlook XP.
650 #4 - PUNTO DE ACCESO ADICIONAL DE MATERIA--TÉRMINO DE MATERIA
Término de materia o nombre geográfico como elemento de entrada Microsoft windows (programas para computadores)
9 (RLIN) 64069
650 #4 - PUNTO DE ACCESO ADICIONAL DE MATERIA--TÉRMINO DE MATERIA
Término de materia o nombre geográfico como elemento de entrada Internet (red de computadores)
9 (RLIN) 64070
650 #0 - PUNTO DE ACCESO ADICIONAL DE MATERIA--TÉRMINO DE MATERIA
Término de materia o nombre geográfico como elemento de entrada Procesamiento electrónico de datos
9 (RLIN) 2306
650 #0 - PUNTO DE ACCESO ADICIONAL DE MATERIA--TÉRMINO DE MATERIA
Término de materia o nombre geográfico como elemento de entrada Sistemas operativos (Computadoras)
9 (RLIN) 101
700 1# - PUNTO DE ACCESO ADICIONAL--NOMBRE DE PERSONA
Nombre de persona Salas, Fernando
9 (RLIN) 2307
700 1# - PUNTO DE ACCESO ADICIONAL--NOMBRE DE PERSONA
Nombre de persona Pérez, Margarita
9 (RLIN) 2308
Holdings
Estado de retiro Estado de pérdida Fuente del sistema de clasificación o colocación Restricciones de uso No para préstamo Código de colección Localización permanente Ubicación/localización actual Ubicación en estantería Fecha de adquisición Total de préstamos Signatura topográfica completa Código de barras Fecha visto por última vez Precio válido a partir de Tipo de ítem Koha Número de copia
    Dewey Decimal Classification Excluido de préstamo   Referencia General Biblioteca Nacional Pedro Henríquez Ureña Biblioteca Nacional Pedro Henríquez Ureña Depósito 18.09.2012   BNPHU R-GR 005.43769 B582c 37594-10 25.06.2020 25.06.2020 No se presta  
    Dewey Decimal Classification Préstamo en sala   Referencia General Biblioteca Nacional Pedro Henríquez Ureña Biblioteca Nacional Pedro Henríquez Ureña Depósito 18.09.2012   BNPHU R-GR 005.43769 B582c 37594-20 25.06.2020 25.06.2020 Libro e. 2
    Dewey Decimal Classification Préstamo en sala   Referencia General Biblioteca Nacional Pedro Henríquez Ureña Biblioteca Nacional Pedro Henríquez Ureña Depósito 18.09.2012   BNPHU R-GR 005.43769 B582c 37594-30 25.06.2020 25.06.2020 Libro e. 3

Powered by Koha